Design and inference in finite population sampling

Saved in:
Bibliografiske detaljer
Main Authors: Hedayat, A (Author), Sinha, Bikas Kumar (Author)
Format: Bog
Sprog:engelsk
Udgivet: Nueva York John Wiley 1991
Serier:Wiley series in probability and mathematical statistics
Fag:
Tags: Tilføj Tag
Ingen Tags, Vær først til at tagge denne postø!

MARC

LEADER 00000nam a2200000 a 4500
001 UCW1727
003 CL-VaPUC
008 930311e19910000US |||||||||||||||||eng|d
082 0 4 |a 001.433  |b HED  |2 21 
100 |a Hedayat, A  |e author  |9 426874 
700 0 |a Sinha, Bikas Kumar  |e author  |9 305790 
245 1 0 |a Design and inference in finite population sampling 
300 |a 377 p 
942 |c BK 
945 |d 19930311 00:00:00 
260 |a Nueva York  |b John Wiley  |c 1991 
650 0 |a Estadística aplicada  |9 270522 
650 0 |a Encuestas   |9 259666 
650 7 |a METODOS DESCRIPTIVOS  |2 CL-VaPUC  |9 305791 
650 7 |a MUESTREO - ESTADISTICA  |2 CL-VaPUC  |9 260839 
583 |a last modification  |c 19930311 00:00:00  |k Rodrigo Vera 
490 0 |a Wiley series in probability and mathematical statistics 
999 |c 216569  |d 216567 
952 |0 0  |1 0  |4 0  |6 001_433000000000000_HED_1991  |7 0  |8 A  |9 202378  |a BIBMAT  |b BIBMAT  |d 2019-11-14  |i 2694859  |o 001.433 HED 1991  |p 2694859  |r 2025-01-07  |w 2019-11-14  |y BK  |k MAT